|
|
|
|
| LEADER |
00000nab a2200000 a 4500 |
| 001 |
vtls000768046 |
| 003 |
SK-MaSNL |
| 005 |
20260304120748.0 |
| 008 |
250429c2001 xo 0 slo |
| 015 |
|
|
|a SNBRB2001/09-27083
|
| 035 |
|
|
|a CLN000119833
|
| 035 |
|
|
|a urn:nbn:sk:snk-aba22u
|
| 035 |
|
|
|a (urnnbn)urn:nbn:sk:snk:ar-a099ez
|
| 035 |
|
|
|a (uuid)3d8ed765-386e-4a70-90e9-d079d08608d8
|
| 040 |
|
|
|a SNKBUCL
|b slo
|c SNKBUCL
|e AACR2
|
| 041 |
0 |
|
|a slo
|
| 044 |
|
|
|a xo
|c SK
|
| 080 |
|
|
|a 791.43(437.1/.2)
|2 1997
|
| 100 |
1 |
|
|a Madarászová, Zuzana
|4 aut
|9 846274
|
| 245 |
1 |
0 |
|a Rebélia rokov šesťdesiatych
|c Zuzana Madarászová
|
| 630 |
0 |
7 |
|a Rebelové (film)
|x recenzie
|2 snkbucl
|9 845613
|
| 655 |
|
7 |
|a články z novín a časopisov
|2 snkbucl
|9 267496
|
| 773 |
0 |
|
|t OS
|g Č. 8 (2001), s. 63-64
|x 1335-2296
|
| 850 |
|
|
|a Slovenská národná knižnica
|
| 852 |
|
|
|a Slovenská národná knižnica
|
| 954 |
|
|
|a odborná, vedecká literatúra pôvodná (slovenská)
|2 lita
|
| 958 |
|
|
|a article13
|
| 958 |
|
|
|a OND
|
| 958 |
|
|
|a CZ
|
| 958 |
|
|
|a RC
|
| 958 |
|
|
|a EUIPO
|
| 992 |
|
|
|a RBX
|
| 999 |
|
|
|c 2881383
|d 2883313
|